| 000 | 00693nab a2200229 a 4500 | ||
|---|---|---|---|
| 005 | 20210219155310.0 | ||
| 008 | 991125s1985 mx 000 0 spa u | ||
| 035 | _aUPN01000142513 | ||
| 100 | 1 | _aGairín Sallán, Joaquín | |
| 100 | 1 | _ujoaquin.gairin@uab.es | |
| 222 |
_aUNO : _bREVISTA DE DIDACTICA DE LAS MATEMATICAS |
||
| 245 | _aLas actitudes del profesorado de matemáticas ante la coeducación | ||
| 260 | _aBarcelona, España | ||
| 300 | _a59-70 | ||
| 362 | 0 | _a1999 No. 19, ene.-mar. | |
| 653 | 0 | _aMATEMATICA | |
| 653 | 0 | _aENSEÑANZA | |
| 653 | 0 | _aINTERACCION MAESTRO-ALUMNO | |
| 700 | 1 |
_aFeixas, Mónica, _ecoaut. |
|
| 700 | 1 | _umonica.feixas@uab.cat | |
| 905 | _aArticulo | ||
| 999 |
_c114660 _d114660 |
||